Promptuario de la theologia moral, muy útil para todos los que se han de exponer de Confessores, y para la debida administración del Santo Sacramento de la Penitencia (Record no. 8571)

MARC details
000 -CABECERA
campo de control de longitud fija 01006nam a2200229 a 4500
001 - NÚMERO DE CONTROL
campo de control BRCA_8920
005 - FECHA Y HORA DE LA ÚLTIMA TRANSACCIÓN
campo de control 20190320210447.0
008 - DATOS DE LONGITUD FIJA--INFORMACIÓN GENERAL
campo de control de longitud fija 230617d1709----sp-#######---#000-0#spa-#
041 ## - CÓDIGO DE LENGUA
Código de lengua del texto/banda sonora o título independiente spa
044 ## - CÓDIGO DEL PAÍS DE LA ENTIDAD EDITORA/PRODUCTORA
Código MARC del país sp
084 ## - OTRO NÚMERO DE CLASIFICACIÓN
Número de clasificación CO86
Número de documento/Ítem .P76 1709
100 1# - ENTRADA PRINCIPAL--NOMBRE DE PERSONA
Nombre de persona Lárraga, Francisco
Fechas asociadas al nombre 1671?-1723
9 (RLIN) 22179
245 10 - MENCIÓN DE TÍTULO
Título Promptuario de la theologia moral, muy útil para todos los que se han de exponer de Confessores, y para la debida administración del Santo Sacramento de la Penitencia
Mención de responsabilidad, etc. 1709
300 ## - DESCRIPCIÓN FÍSICA
Extensión 496 p.
Dimensiones 20.4 x 15 cm
500 ## - NOTA GENERAL
Nota general Estado físico: presenta encuadernación en pergamino, carece de portada y lomo desprendido
500 ## - NOTA GENERAL
Nota general Estado físico: se anexa una portada impresa similar a la original
500 ## - NOTA GENERAL
Nota general En portada: Nuevamente reconocido, mejorado, corregido, y añadido por su Autor en esta dezimaoctava impression
500 ## - NOTA GENERAL
Nota general En portada: Dedicado al glorioso patriarca S. Joseph
650 14 - PUNTO DE ACCESO ADICIONAL DE MATERIA--TÉRMINO DE MATERIA
Término de materia o nombre geográfico como elemento de entrada Teología moral
Subdivisión cronológica Obras anteriores a 1800
9 (RLIN) 21355
902 ## - CATALOGADOR
Iniciales CFM
942 ## - ELEMENTOS DE PUNTO DE ACCESO ADICIONAL (KOHA)
Fuente del sistema de clasificación o colocación Library of Congress Classification
Tipo de ítem Koha Libros
Holdings
Estado de retiro Estado de pérdida Estado dañado No para préstamo Localización permanente Ubicación/localización actual Fecha de adquisición Total de préstamos Signatura topográfica completa Código de barras Fecha visto por última vez Precio válido a partir de Tipo de ítem Koha
El ejemplar forma parte de la colección y puede ser consultado según las políticas vigentes.       Biblioteca del Museo Franz Mayer (Rogerio Casas-Alatriste) Biblioteca del Museo Franz Mayer (Rogerio Casas-Alatriste) 23/06/2017   CO86 .P76 1709 CFM00242 22/03/2019 22/03/2019 Libros